Brazil or Mexico? - Statistics

General Stats
  • This quiz has been taken 11 times
  • The average score is 23 of 35
Answer Stats
Hint Explanation Answer % Correct
Minas Gerais Brazil
90%
Amazonas Brazil
90%
Yucatán Mexico
90%
Chiapas Mexico
90%
Algarve Portuguese region Neither
90%
Mato Grosso Brazil
80%
Paraná Brazil
80%
Goiás Brazil
80%
Chihuahua Mexico
80%
Baja California Mexico
80%
Oaxaca Mexico
80%
Michoacán Mexico
80%
Macau Chinese special administrative region Neither
80%
Rio Grande do Sul Brazil
70%
Pernambuco Brazil
70%
Jalisco Mexico
70%
Coahuila Mexico
70%
Aceh Indonesian province Neither
70%
Davao Philippine region Neither
70%
Arequipa Peruvian region Neither
70%
Arizona US state Neither
70%
Espírito Santo Brazil
60%
Santa Catarina Brazil
60%
Bahia Brazil
60%
Paraíba Brazil
60%
Sonora Mexico
60%
Nuevo Léon Mexico
60%
Alagoas Brazil
50%
Durango Mexico
50%
Quintana Roo Mexico
50%
Calabria Italian region Neither
50%
Cabinda Angolan province Neither
50%
Tocantins Brazil
40%
San Luis Potosí Mexico
20%
La Rioja Spanish region/Argentine province Neither
20%
No matching quizzes found
Score Distribution
Percent of People with Each Score
Percentile by Number Answered
Your Score History
You have not taken this quiz